Statystyki dla Strzelcy bramek w Finałach Mistrzostw Europy.

Kliknij tutaj aby rozwiązać quiz!

Ogólne statystyki

  • Ten quiz został rozwiązany 100 razy
  • Średni wynik to 9 z 39

Statystyki odpowiedzi

EuroMeczPiłkarz% Poprawnych
Euro 2016Portugalia - Francja 1:0Eder
86%
Hiszpania - Włochy 3:0Torres
86%
Euro 2008Niemcy - Hiszpania 0:1Torres
86%
Euro 2012Hiszpania - Włochy 1:0Silva
60%
Hiszpania - Włochy 2:0Alba
52%
Francja - Włochy 2:1Trezeguet
51%
Hiszpania - Włochy 4:0Mata
43%
ZSRR - Holandia 0:2Van Basten
41%
Niemcy - ZSRR 3:0Muller
37%
Czechosłowacja - Niemcy 2:1Muller
37%
Euro 1972Niemcy - ZSRR 1:0Muller
37%
Euro 1984Francja - Hiszpania 1:0Platini
36%
Euro 1988ZSRR - Holandia 0:1Gullit
31%
Euro 2004Portugalia - Grecja 0:1Charisteas
30%
Francja - Włochy 1:1Wiltord
30%
Niemcy - Czechy 2:1Bierhoff
26%
Niemcy - Czechy 1:1Bierhoff
26%
Euro 2000Francja - Włochy 0:1Delvecchio
16%
Euro 1996Niemcy - Czechy 0:1Berger
12%
Wtedy zamiast dogrywki grali drugi meczWłochy - Jugosławia 1:0Riva
9%
Belgia - Niemcy 1:2Hrubesch
7%
Euro 1980Belgia - Niemcy 0:1Hrubesch
7%
Euro 1960ZSRR - Jugosławia 0:1Galic
6%
Dania - Niemcy 2:0Vilfort
6%
Euro 1968Włochy - Jugosławia 0:1Dzajic
4%
Francja - Hiszpania 2:0Bellone
3%
Euro 1992Dania - Niemcy 1:0Jensen
3%
ZSRR - Jugosławia 2:1Ponedelnik
3%
Czechosłowacja - Niemcy 2:0Dobias
2%
Włochy - Jugosławia 1:1Domenghini
2%
Hiszpania - ZSRR 2:1Marcelino
2%
Euro 1976Czechosłowacja - Niemcy 1:0Svehlik
2%
Włochy - Jugosławia 2:0Anastasi
1%
Czechosłowacy wygrali w karnychCzechosłowacja - Niemcy 2:2Holzenbein
1%
ZSRR - Jugosławia 1:1Metreveli
1%
Euro 1964Hiszpania - ZSRR 1:0Pereda
1%
Belgia - Niemcy 1:1Vandereycken
1%
Niemcy - ZSRR 2:0Wimmer
1%
Hiszpania - ZSRR 1:1Khusainov
0%

Rozkład punktacji

Percentyl według liczby udzielonych odpowiedzi

Procent ludzi z każdym wynikiem

Twoja historia wyników

Nie rozwiązałeś tego quizu